000 00311nam a2200133Ia 4500
008 191201s2004 xx 000 0 und d
082 _a005.133
_bRAC
100 _aRajaraman, V
245 0 _aComputer Programme in C
260 _aN.Delhi
_bPHI
_c2004
300 _a363
650 _aB.Tech(CSE)
942 _2ddc
_cBK
999 _c2143
_d2143